|
|
|
|
| LEADER |
00000nas a2200000 a 4500 |
| 001 |
ssj0046386 |
| 003 |
WaSeSS |
| 005 |
20200512172242.0 |
| 006 |
m d |
| 007 |
cr n |
| 008 |
050822c20059999enkbr pss 0 0eng c |
| 010 |
|
|
|a 2007252831
|
| 015 |
|
|
|a GBB406949
|2 bnb
|
| 016 |
7 |
|
|a 976309424
|2 DE-101
|
| 016 |
7 |
|
|a 2202053-6
|2 DE-600
|
| 016 |
7 |
|
|a 012912374
|2 Uk
|
| 022 |
|
|
|a 1744-1382
|l 1744-1374
|y 1744-1374
|
| 035 |
|
|
|a (WaSeSS)ssj0046386
|
| 040 |
|
|
|a OCLCS
|b eng
|e pn
|c OCLCS
|d OCLCS
|d OCL
|d WAU
|d OCLCQ
|d HEBIS
|d DEBBG
|d GWDNB
|d OCLCQ
|d GBVCP
|d OCLCQ
|d OCLCF
|d VT2
|d OCLCQ
|d NLE
|d AU@
|d UKMGB
|d DLC
|d WaSeSS
|
| 042 |
|
|
|a pcc
|
| 050 |
0 |
0 |
|a HB99.5
|
| 082 |
0 |
4 |
|a 330.1552
|
| 130 |
0 |
|
|a Journal of institutional economics (Online)
|
| 245 |
1 |
0 |
|a Journal of institutional economics
|h [electronic resource].
|
| 260 |
|
|
|a Cambridge :
|b Cambridge University Press
|
| 310 |
|
|
|a 6 issues per year,
|b 2018-
|
| 321 |
|
|
|a Three times a year,
|b 2006-2017
|
| 321 |
|
|
|a Semiannual,
|b 2005
|
| 362 |
1 |
|
|a Print began with v. 1, no. 1 (June 2005).
|
| 506 |
|
|
|a License restrictions may limit access.
|
| 538 |
|
|
|a Mode of access: World Wide Web.
|
| 588 |
|
|
|a Description based on print version record.
|
| 588 |
|
|
|a Latest issue consulted: Vol. 16, issue 3 (June 2020) (Cambridge Core, viewed May 6, 2020).
|
| 650 |
|
0 |
|a Institutional economics
|v Periodicals.
|
| 650 |
|
7 |
|a Institutional economics.
|2 fast
|0 (OCoLC)fst00974297
|
| 655 |
|
0 |
|a Electronic journals.
|
| 776 |
1 |
|
|t Journal of institutional economics
|x 1744-1374
|w (DLC) 2006234588
|w (OCoLC)61029747
|
| 850 |
|
|
|a DLC
|
| 856 |
4 |
0 |
|z Full text available from Research Library: 06/01/2005 to 1 year ago
|u https://search.proquest.com/publication/29060
|